ひらがなを含む大字(北海道) - Statistics

General Stats
  • This quiz has been taken 7 times
  • The average score is 19 of 203
Answer Stats
Hint Answer % Correct
札幌市中央区 宮の森
75%
札幌市西区 宮の沢
75%
札幌市北区 あいの里
50%
札幌市北区 南あいの里
50%
上富良野町 | 千歳市 | 浜頓別町 日の出
50%
恵庭市 恵み野西
50%
恵庭市 恵み野北
50%
恵庭市 恵み野東
50%
恵庭市 恵み野南
50%
長沼町 しらかば
50%
札幌市豊平区 中の島
25%
札幌市南区 芸術の森
25%
函館市 | 厚岸町 | 札幌市西区 山の手
25%
札幌市厚別区 もみじ台東
25%
札幌市厚別区 もみじ台西
25%
札幌市厚別区 もみじ台南
25%
札幌市厚別区 もみじ台北
25%
札幌市手稲区 西宮の沢
25%
岩見沢市 | 旭川市 | 音更町 緑が丘
25%
室蘭市 | 富良野市 | 岩見沢市 | +2 others 日の出町
25%
帯広市 自由が丘
25%
岩見沢市 かえで町
25%
苫小牧市 しらかば町
25%
江別市 | 深川市 | 滝上町 | 苫小牧市 あけぼの町
25%
稚内市 はまなす
25%
江別市 あさひが丘
25%
三笠市 いちきしり
25%
滝川市 北滝の川
25%
滝川市 南滝の川
25%
砂川市 一の沢
25%
砂川市 宮城の沢
25%
富良野市 北の峰町
25%
北広島市 北の里
25%
北広島市 南の里
25%
北広島市 東の里
25%
北広島市 | 新篠津村 西の里
25%
新篠津村 みずほ
25%
新篠津村 あけぼの
25%
下川町 三の橋
25%
下川町 二の橋
25%
下川町 一の橋
25%
浦河町 東町ちのみ
25%
浦河町 東町かしわ
25%
音更町 桜が丘
25%
音更町 希望が丘
25%
札幌市北区 百合が原
0%
札幌市北区 百合が原公園
0%
札幌市清田区 美しが丘
0%
旭川市 南が丘
0%
旭川市 緑が丘南
0%
旭川市 緑が丘東
0%
室蘭市 みゆき町
0%
室蘭市 | 苫小牧市 宮の森町
0%
釧路市 星が浦大通
0%
釧路市 星が浦北
0%
釧路市 星が浦南
0%
釧路市 音別町あけぼの
0%
帯広市 南の森東
0%
帯広市 南の森西
0%
北見市 とん田西町
0%
北見市 とん田東町
0%
北見市 上ところ
0%
北見市 ひかり野
0%
夕張市 鹿の谷
0%
夕張市 鹿の谷山手町
0%
夕張市 鹿の谷東丘町
0%
岩見沢市 鳩が丘
0%
岩見沢市 日の出北
0%
岩見沢市 日の出南
0%
岩見沢市 日の出台
0%
岩見沢市 御茶の水町
0%
岩見沢市 ふじ町
0%
網走市 つくしケ丘
0%
苫小牧市 ときわ町
0%
苫小牧市 有珠の沢町
0%
苫小牧市 のぞみ町
0%
苫小牧市 もえぎ町
0%
苫小牧市 はまなす町
0%
稚内市 こまどり
0%
美唄市 沼の内町
0%
美唄市 沼の内町中央
0%
美唄市 沼の内町南
0%
美唄市 沼の内町西
0%
美唄市 沼の内町北
0%
美唄市 盤の沢町
0%
美唄市 盤の沢町本町
0%
美唄市 盤の沢町高台
0%
美唄市 盤の沢町桜ヶ丘
0%
美唄市 盤の沢町滝の上
0%
芦別市 中の丘町
0%
江別市 いずみ野
0%
江別市 豊幌はみんぐ町
0%
江別市 ゆめみ野東町
0%
江別市 ゆめみ野南町
0%
江別市 萌えぎ野西
0%
江別市 萌えぎ野中央
0%
江別市 萌えぎ野東
0%
江別市 大麻ひかり町
0%
紋別市 南が丘町
0%
標茶町 | 紋別市 沼の上
0%
名寄市 風連町字池の上
0%
三笠市 奔別中の沢町
0%
根室市 牧の内
0%
千歳市 日の出丘
0%
千歳市 あずさ
0%
千歳市 藤の沢
0%
千歳市 みどり台南
0%
千歳市 みどり台北
0%
滝川市 一の坂町西
0%
滝川市 一の坂町東
0%
滝川市 二の坂町東
0%
滝川市 二の坂町西
0%
滝川市 二の坂町
0%
滝川市 滝の川町西
0%
滝川市 滝の川町東
0%
砂川市 日の出一条南
0%
恵庭市 恵み野里美
0%
北広島市 中の沢
0%
北広島市 美咲き野
0%
北広島市 西の里南
0%
北広島市 西の里北
0%
北広島市 西の里東
0%
当別町 字茂平沢(みどり野)
0%
新篠津村 ふらわ
0%
斜里町 | 福島町 | 美幌町 | 赤井川村 字日の出
0%
八雲町 わらび野
0%
八雲町 上の湯
0%
八雲町 下の湯
0%
長万部町 字中の沢
0%
江差町 字南が丘
0%
厚沢部町 字上の山
0%
厚沢部町 字社の山
0%
島牧村 字江の島
0%
仁木町 砥の川
0%
長沼町 あかね
0%
秩父別町 字滝の上
0%
雨竜町 字渭の津
0%
東神楽町 ひじり野南
0%
東神楽町 ひじり野北
0%
下川町 一の橋幸成
0%
増毛町 湯の沢
0%
豊富町 大通り
0%
小清水町 字もこと山
0%
遠軽町 湯の里
0%
滝上町 濁川みどり町
0%
雄武町 新日の出町
0%
雄武町 日の出仲町
0%
雄武町 日の出北町
0%
安平町 追分柏が丘
0%
安平町 追分緑が丘
0%
浦河町 東町うしお
0%
浦河町 向が丘東
0%
浦河町 向が丘西
0%
えりも町 字えりも岬
0%
新ひだか町 静内ときわ町
0%
新ひだか町 静内こうせい町
0%
音更町 ひびき野西町
0%
音更町 ひびき野仲町
0%
音更町 ひびき野東町
0%
音更町 すずらん台北町
0%
音更町 すずらん台仲町
0%
音更町 すずらん台南町
0%
音更町 桜が丘西
0%
音更町 雄飛が丘
0%
音更町 雄飛が丘北区
0%
音更町 雄飛が丘仲区
0%
音更町 雄飛が丘南区
0%
上士幌町 字ぬかびら源泉郷
0%
芽室町 東めむろ
0%
芽室町 坂の上
0%
幕別町 札内あかしや町
0%
幕別町 札内みずほ町
0%
足寄町 里見が丘
0%
釧路町 よし野
0%
釧路町 わらび
0%
厚岸町 住の江
0%
浜中町 仲の浜
0%
浜中町 北の沢
0%
弟子屈町 湯の島
0%
中標津町 りんどう町
0%
No matching quizzes found
Score Distribution
Percent of People with Each Score
Percentile by Number Answered
Your Score History
You have not taken this quiz